Hong Kong 1983 a review of 1982

Guardado en:
Detalles Bibliográficos
Formato: Libro
Lenguaje:inglés
Publicado: Hong Kong Government Information Services 1983
Materias:
Etiquetas: Agregar Etiqueta
Sin Etiquetas, Sea el primero en etiquetar este registro!

MARC

LEADER 00000nam a2200000 4500
001 c132176
005 20251103114728.3
041 0 |a eng 
044 |a GB 
245 1 0 |a Hong Kong 1983  |b a review of 1982 
264 1 |a Hong Kong  |b Government Information Services  |c 1983 
300 |a 325 s. 
610 2 0 |a Hongkong